000 00776 a2200265 4500
003 0000
005 20251016110602.0
020 _a9781009487245
040 _erda
050 _aRD 593. C36
100 _4Woodfield Julie
245 _aCambridge Elements Emergency Neurosurgery
_bManagement of Seizures in Neurosurgical Practice
_cSusan Duncan
260 _aUnited Kingdom
_bCambridge University Press
_c2024
264 _aUnited Kingdom
_bCambridge University Press
_c2024
300 _a16 pages
336 _2rdacontent
338 _2rdacarrier
490 _aBibliographic References
500 _aBibliographic References
504 _aBibliographic References
650 _2Neurosurgery
651 _2Neurosurgery
654 _2Neurosurgery
942 _2lcc
_cBK
999 _c43807
_d43807